Los nuevos aires que se respiran en el derecho (Registro nro. 31926)

Detalles MARC
000 -LEADER
fixed length control field 00387 a2200121 4500
001 - CONTROL NUMBER
control field ART_51760
005 - DATE AND TIME OF LATEST TRANSACTION
control field 20260410162008.0
008 - FIXED-LENGTH DATA ELEMENTS--GENERAL INFORMATION
fixed length control field 260409a
100 1# - MAIN ENTRY--PERSONAL NAME
Personal name Fossaceca, Carlos Alberto (h)
245 10 - TITLE STATEMENT
Title Los nuevos aires que se respiran en el derecho
700 1# - ADDED ENTRY--PERSONAL NAME
Personal name López Poletti, Fátima
773 0# - HOST ITEM ENTRY
Title Temas de derecho civil
Related parts - Año 6, N° 12 (dic. 2020)
Record control number REV34778

No hay ítems disponibles.